Geography Quiz

Random Geography or State Quiz

Category Cracker: Geography Quiz Stats

 Plays Quiz Updated Aug 1, 2020

Support Sporcle.
Go Orange.
Score 0/53 Timer 07:00
0 Plays Today
Category Answer % Correct
CATEGORY 1Continents of the World
100%
CATEGORY 1Asia [H]
98.3%
CATEGORY 1Europe [A]
98%
CATEGORY 1North America [R]
97.9%
CATEGORY 1South America [N]
97.8%
CATEGORY 1Africa [S]
97.7%
CATEGORY 1Antarctica [A]
95%
CATEGORY 1Oceania [A]
92.7%
CATEGORY 2Sahara Desert Countries
85.4%
CATEGORY 2Egypt [W]
84.5%
CATEGORY 2Morocco [L]
82.2%
CATEGORY 2Niger [A]
82.2%
CATEGORY 2Sudan [N]
81.9%
CATEGORY 2Chad [E]
81.6%
CATEGORY 2Libya [E]
81.5%
CATEGORY 2Algeria [N]
81.4%
CATEGORY 2Tunisia [D]
80.6%
CATEGORY 2Mali [N]
80.2%
CATEGORY 2Mauritania [G]
78.7%
CATEGORY 3New England States
76.9%
CATEGORY 3Maine [A]
76.5%
CATEGORY 3New Hampshire [A]
76.2%
CATEGORY 3Rhode Island [D]
76.2%
CATEGORY 3Vermont [A]
76.1%
CATEGORY 3Massachusetts [N]
76.1%
CATEGORY 3Connecticut [C]
75.8%
CATEGORY 4Canadian Provinces
74.7%
Category Answer % Correct
CATEGORY 4Quebec [E]
72.7%
CATEGORY 4Ontario [C]
71.3%
CATEGORY 4Newfoundland and Labrador [L]
70.2%
CATEGORY 4Alberta [L]
70.1%
CATEGORY 4British Columbia [A]
69.4%
CATEGORY 4Nova Scotia [O]
68.1%
CATEGORY 4Manitoba [N]
68.1%
CATEGORY 4Saskatchewan [D]
67.8%
CATEGORY 4Prince Edward Island [K]
67.1%
CATEGORY 4New Brunswick [D]
66.7%
CATEGORY 5Landlocked European Countries
64.1%
CATEGORY 5Austria [I]
61.5%
CATEGORY 5Switzerland [T]
60.7%
CATEGORY 5Hungary [I]
59.2%
CATEGORY 5Czechia [S]
58.9%
CATEGORY 5Luxembourg [C]
58.6%
CATEGORY 5Slovakia [E]
58.1%
CATEGORY 5Andorra [M]
57.7%
CATEGORY 5Vatican City [E]
57.3%
CATEGORY 5Serbia [L]
56.4%
CATEGORY 5Liechtenstein [N]
56.3%
CATEGORY 5Belarus [S]
56.1%
CATEGORY 5Moldova [O]
54.6%
CATEGORY 5San Marino [P]
54.4%
CATEGORY 5North Macedonia [M]
54.2%
CATEGORY 5Kosovo [O]
53.7%

You're not logged in!

Compare scores with friends on all Sporcle quizzes.
OR
Log In

From the Vault

Movie by Difficulty IV

by Larryholmes79

The movies at the end of this quiz can be so difficult sometimes.
Remove Ads.
Support Sporcle.
Get the best of Sporcle when you Go Orange. This ad-free experience offers more features, more stats, and more fun while also helping to support Sporcle. Thank you for becoming a member.

Show Comments

Extras

Top Quizzes Today


Score Distribution

Your Account Isn't Verified!

In order to create a playlist on Sporcle, you need to verify the email address you used during registration. Go to your Sporcle Settings to finish the process.

Report this User

Report this user for behavior that violates our Community Guidelines.

Details: